Jim Starlin Filmography - Statistics

General Stats
  • This quiz has been taken 2 times
  • The average score is 2 of 13
Answer Stats
Hint Answer % Correct
2012 The Avengers
100%
2014 Guardians of the Galaxy
50%
2015 Avengers: Age of Ultron
0%
2019 Avengers: Endgame
0%
2018 Avengers: Infinity War
0%
2020 Batman: Death in the Family
0%
2010 Batman: Under the Red Hood
0%
2016 Batman V. Superman: Dawn of Justice
0%
2017 Guardians of the Galaxy Vol. 2
0%
2023 Guardians of the Galaxy Vol. 3
0%
2021 Shang-Chi and the Legend of the Ten Rings
0%
2022 The Guardians of the Galaxy Holiday Special
0%
2022 Thor: Love and Thunder
0%
No matching quizzes found
Score Distribution
Percent of People with Each Score
Percentile by Number Answered
Your Score History
You have not taken this quiz